[Event "Ulaanbaatar Mica op 2nd"]
[Site "Ulaanbaatar"]
[Date "2022.03.27"]
[Round "9"]
[White "Sodbilegt, Naranbold"]
[Black "Amin Erdene, Burmaa"]
[Result "0-1"]
[WhiteElo "1744"]
[BlackElo "1815"]
[PlyCount "84"]
[EventDate "2022.03.23"]
[EventType "swiss"]
[EventRounds "9"]
[EventCountry "MGL"]
[SourceTitle "CBM 207 Extra"]
[Source "ChessBase"]
[SourceDate "2022.05.31"]
[SourceVersion "1"]
[SourceVersionDate "2022.05.31"]
[SourceQuality "1"]

1. e4 c5 2. Nf3 d6 3. d4 cxd4 4. Nxd4 Nf6 5. Nc3 a6 6. Be2 e5 7. Nb3 Be7 8. Be3 Be6 9. h4 d5 10. exd5 Nxd5 11. Bf3 Nxe3 12. Qxd8+ Bxd8 13. fxe3 Ra7 14. Nc5 Bc8 15. 0-0-0 0-0 16. N5e4 b5 17. Nd6 Ba5 18. Nxc8 Rxc8 19. Ne4 Bb6 20. Rhe1 Rd7 21. Rxd7 Nxd7 22. Bg4 Rc7 23. Kb1 Nf8 24. b3 Rc6 25. h5 g6 26. hxg6 hxg6 27. Bd1 f5 28. Ng5 e4 29. Kb2 Ba5 30. Re2 Rd6 31. Kc1 Bb4 32. c4 Nd7 33. Bc2 Ba3+ 34. Kb1 bxc4 35. bxc4 Nc5 36. Bb3 a5 37. Kc2 a4 38. Bxa4 Nxa4 39. Kb3 Ra6 40. g4 Be7 41. Nh3 Nc5+ 42. Kb2 Bf6+ 0-1

[Event "Ulaanbaatar Mica op 2nd"]
[Site "Ulaanbaatar"]
[Date "2022.03.24"]
[Round "3"]
[White "Amin Erdene, Burmaa"]
[Black "Bayasgalan, Khishigbaatar"]
[Result "0-1"]
[WhiteElo "1815"]
[BlackElo "1640"]
[PlyCount "96"]
[EventDate "2022.03.23"]
[EventType "swiss"]
[EventRounds "9"]
[EventCountry "MGL"]
[SourceTitle "CBM 207 Extra"]
[Source "ChessBase"]
[SourceDate "2022.05.31"]
[SourceVersion "1"]
[SourceVersionDate "2022.05.31"]
[SourceQuality "1"]

1. e4 c5 2. Nf3 Nc6 3. d4 cxd4 4. Nxd4 e6 5. Nc3 Qc7 6. Be3 Nf6 7. f4 d6 8. Nb3 a6 9. g4 b5 10. a3 Nd7 11. Ne2 Bb7 12. Ng3 Nb6 13. Qd3 Nc4 14. 0-0-0 0-0-0 15. Bg2 Be7 16. Kb1 Bf6 17. Bc1 g6 18. g5 Bg7 19. h4 Nb6 20. c3 h5 21. Rhf1 Nc4 22. Bh3 Kb8 23. f5 N6e5 24. Qc2 Ng4 25. Rde1 Be5 26. Rg1 d5 27. Nf1 dxe4 28. fxe6 fxe6 29. Bxg4 hxg4 30. Rxg4 Rd3 31. Ne3 Bd5 32. Nxc4 Qxc4 33. Rgxe4 Bxe4 34. Rxe4 Qxe4 35. Nc5 Qf5 36. Nxd3 Bc7 37. Nb4 Qxc2+ 38. Kxc2 Kb7 39. Nd3 Bd6 40. Bf4 Kc6 41. Be5 Rxh4 42. Bf6 Rg4 43. b4 Kd5 44. Kb3 Rg3 45. Nc1 e5 46. Na2 e4 47. a4 e3 48. c4+ bxc4+ 0-1

[Event "World ol U16"]
[Site "Corum"]
[Date "2019.11.05"]
[Round "9.6"]
[White "Amin Erdene, Burmaa"]
[Black "Alvarez Angel, Nelson Eduardo"]
[Result "1-0"]
[WhiteElo "1793"]
[BlackElo "1974"]
[PlyCount "97"]
[EventDate "2019.10.29"]
[EventType "team-swiss"]
[EventRounds "9"]
[EventCountry "TUR"]
[SourceTitle "CBM 192 Extra"]
[Source "Chessbase"]
[SourceDate "2019.11.06"]
[SourceVersion "1"]
[SourceVersionDate "2019.11.06"]
[SourceQuality "1"]
[WhiteTeam "Mongolia"]
[BlackTeam "Colombia"]
[WhiteTeamCountry "MGL"]
[BlackTeamCountry "COL"]

1. e4 c5 2. Nf3 Nc6 3. d4 cxd4 4. Nxd4 Qb6 5. Nb3 Nf6 6. Nc3 e6 7. Qe2 d6 8. g4 Be7 9. Be3 Qc7 10. g5 Nd7 11. h4 a6 12. 0-0-0 b5 13. f4 Nc5 14. Nxc5 dxc5 15. e5 Bb7 16. Bg2 0-0 17. h5 Rfd8 18. g6 Nd4 19. gxf7+ Kxf7 20. Bxd4 cxd4 21. Bxb7 Qxb7 22. Ne4 Rac8 23. Kb1 Kg8 24. Rhg1 Qc6 25. Rd3 Kh8 26. Rdg3 Rg8 27. Qg2 Bf8 28. Ng5 h6 29. Nf7+ Kh7 30. Qe2 Rh8 31. Qd3+ Kg8 32. Nxh8 Kxh8 33. Rg6 Qd7 34. Rf1 Bc5 35. f5 exf5 36. Qxf5 Qb7 37. Qf3 Qe7 38. e6 Qh4 39. Qg4 Qxg4 40. Rxg4 Re8 41. Re4 Kg8 42. a3 Re7 43. b4 Bb6 44. Rf5 Re8 45. e7 Bc7 46. Re6 Bg3 47. Rf8+ Rxf8 48. exf8Q+ Kxf8 49. Rxa6 1-0

[Event "World ol U16"]
[Site "Corum"]
[Date "2019.11.03"]
[Round "6.10"]
[White "Ivanovic, Marko"]
[Black "Amin Erdene, Burmaa"]
[Result "1-0"]
[WhiteElo "2269"]
[BlackElo "1793"]
[PlyCount "83"]
[EventDate "2019.10.29"]
[EventType "team-swiss"]
[EventRounds "9"]
[EventCountry "TUR"]
[SourceTitle "CBM 192 Extra"]
[Source "Chessbase"]
[SourceDate "2019.11.06"]
[SourceVersion "1"]
[SourceVersionDate "2019.11.06"]
[SourceQuality "1"]
[WhiteTeam "Serbia"]
[BlackTeam "Mongolia"]
[WhiteTeamCountry "SRB"]
[BlackTeamCountry "MGL"]

1. Nf3 Nf6 2. g3 g6 3. Bg2 Bg7 4. 0-0 0-0 5. d4 d6 6. c4 a6 7. Nc3 Nc6 8. b3 Nd7 9. Bb2 e5 10. dxe5 Ndxe5 11. Qd2 Rb8 12. Rfd1 Nxf3+ 13. Bxf3 Ne5 14. Bg2 Be6 15. f4 Nd7 16. Ne4 Bf5 17. Bxg7 Kxg7 18. Qb2+ Kg8 19. Nc3 Qf6 20. Qd2 Be6 21. e4 b5 22. cxb5 axb5 23. f5 b4 24. Ne2 gxf5 25. Rf1 Qe5 26. exf5 Bxf5 27. Nd4 Bg6 28. Rac1 Rbe8 29. Bc6 Rd8 30. Ba4 Qh5 31. Rf4 Ne5 32. Rcf1 Nd3 33. Rf5 Qh3 34. Qxd3 c5 35. Nc2 d5 36. Ne3 d4 37. Ng2 Rd5 38. Nh4 Bxf5 39. Nxf5 Re5 40. Qf3 Re6 41. Bd7 d3 42. Bxe6 1-0

[Event "World ol U16"]
[Site "Corum"]
[Date "2019.10.30"]
[Round "3.16"]
[White "Amin Erdene, Burmaa"]
[Black "Mihailova, Alina"]
[Result "1-0"]
[WhiteElo "1793"]
[BlackElo "1770"]
[PlyCount "73"]
[EventDate "2019.10.29"]
[EventType "team-swiss"]
[EventRounds "9"]
[EventCountry "TUR"]
[SourceTitle "CBM 192 Extra"]
[Source "Chessbase"]
[SourceDate "2019.11.06"]
[SourceVersion "1"]
[SourceVersionDate "2019.11.06"]
[SourceQuality "1"]
[WhiteTeam "Mongolia"]
[BlackTeam "Moldova"]
[WhiteTeamCountry "MGL"]
[BlackTeamCountry "MDA"]

1. e4 e5 2. Nf3 Nc6 3. Bb5 a6 4. Ba4 Nf6 5. 0-0 Be7 6. Re1 b5 7. Bb3 d6 8. c3 0-0 9. h3 Bb7 10. d4 Nd7 11. Nbd2 exd4 12. cxd4 Bf6 13. Nf1 Na5 14. Bc2 Re8 15. Rb1 c5 16. d5 Nc4 17. b3 Nce5 18. N3h2 b4 19. Ng3 Ng6 20. Rf1 Nb6 21. Ng4 Bc3 22. Ne2 h5 23. Ne3 Bf6 24. Ng3 h4 25. Nh5 Bc3 26. Nf5 Bc8 27. g4 hxg3 28. fxg3 Bxf5 29. exf5 Bd4+ 30. Kg2 Ne5 31. Nxg7 Nxd5 32. f6 Nc3 33. Qh5 Ng6 34. Bxg6 Re2+ 35. Kh1 Bxf6 36. Qh7+ Kf8 37. Ne6+ 1-0

[Event "World ol U16"]
[Site "Corum"]
[Date "2019.10.30"]
[Round "2.18"]
[White "Amin Erdene, Burmaa"]
[Black "Zholdoshmamatov, Adilet"]
[Result "1-0"]
[WhiteElo "1793"]
[BlackElo "1682"]
[PlyCount "71"]
[EventDate "2019.10.29"]
[EventType "team-swiss"]
[EventRounds "9"]
[EventCountry "TUR"]
[SourceTitle "CBM 192 Extra"]
[Source "Chessbase"]
[SourceDate "2019.11.06"]
[SourceVersion "1"]
[SourceVersionDate "2019.11.06"]
[SourceQuality "1"]
[WhiteTeam "Mongolia"]
[BlackTeam "Kyrgyzstan"]
[WhiteTeamCountry "MGL"]
[BlackTeamCountry "KGZ"]

1. e4 c5 2. Nf3 Nc6 3. d4 cxd4 4. Nxd4 e5 5. Nb5 a6 6. Nd6+ Bxd6 7. Qxd6 Qe7 8. Qxe7+ Ngxe7 9. Nc3 d5 10. a3 dxe4 11. Nxe4 0-0 12. Be3 b5 13. 0-0-0 f5 14. Nd6 Be6 15. f3 Nd5 16. Bc5 Nd4 17. Bxd4 exd4 18. Rxd4 Ra7 19. c4 Rd8 20. Nxb5 axb5 21. cxd5 Rc7+ 22. Kd2 Rcd7 23. Bxb5 Rxd5 24. Rxd5 Rxd5+ 25. Bd3 f4 26. Rc1 Rg5 27. Bf1 Rd5+ 28. Ke1 Re5+ 29. Kf2 Kf7 30. Bc4 g5 31. Bxe6+ Kxe6 32. Re1 Rxe1 33. Kxe1 Kd5 34. Kd2 h5 35. Kd3 g4 36. h4 1-0